Visualizzazione normale
Vista MARC
- Dylan Bob
di Personal Name
Records bibliografici associati: 1
001 - CONTROL NUMBER
- control field: 1012
003 - CONTROL NUMBER IDENTIFIER
- control field: IT-RoPau
005 - DATE AND TIME OF LATEST TRANSACTION
- control field: 20131105222930.0
008 - FIXED-LENGTH DATA ELEMENTS
- fixed length control field: 131105|| aca||aabn | a|a d
040 ## - CATALOGING SOURCE
- Original cataloging agency: IT-RoPau
- Transcribing agency: IT-RoPau
100 ## - HEADING--PERSONAL NAME
- Personal name: Dylan Bob
- Dates associated with a name: Codice autore musica SPICS: 7026
- Name of part/section of a work: It Takes a Lot To Laugh, It Takes a Train To Cry
670 ## - SOURCE DATA FOUND
- Source citation: Work cat.: (IT-RoPau)102311: AA.VV. 794, Super Session (Lp Cbs S 63396)